000 00695nam a2200181 4500
001 133028
003 ES-MaACL
005 20251118153318.0
007 t|
008 070214s1901 sp r ||||1| spa d
100 1 _aRuano y Corvo, José maría.
_9100274
245 1 0 _aEstudio dramático de la poesía dramática en el drama `Consuelo` de Ayala /
_cJosé María Ruano y Corvo ; con un discurso sobre el método de enseñanza y un prólogo de Mario Méndez Bejarano.
260 _aMadrid :
_b[s. n.],
_c1901 (
_fImp. R. Velasco)
300 _aXXXIII, 392 p. ;
_c19 x 12 cm.
700 1 _aMéndez Bejarano, Mario,
_d1857-1931
_980142
852 _aES-MaACL
_jG-13507
999 _c133028
_d133028